000 00625cam a22002291 4500
001 sa 63003726
003 DLC
005 20260227111944.0
008 890703s1963 ii 000 0 pano
010 _asa 63003726
025 _aPL480:I-Pu-219
035 _a(OCoLC)19959804
040 _aDLC
_cWaU
_dNSyU
_dDLC
042 _apremarc
050 0 0 _aPK2659.K45
_bB5
100 1 _aKhanna, Guranditta.
245 1 0 _aBhulle wisare shahīda,
_clekhaka Gurāṃ Dittā Khannā.
250 _a[Pahilī wāra.]
260 _aAmmritasara,
_bLoka Sāhit Prakāshana
_c[1963]
300 _a144 p.
_c19 cm.
500 _aIn Panjabi.
999 _c55255
_d55255